Datum a čas kvízu
34.5
Celkem bodů
Celkový počet nahraných bodů na tomto kvízu bez doplňovacích otázek.
6.
Pořadí na kvízu
Konečné umístění týmu na tomto kvízu.
Zaznamenané odpovědi
| # | Otázka | Odpověď | Body | Výsledky |
|---|---|---|---|---|
| 1. | Minulý týden byla spuštěna rek... | Pokáč | 1 | |
| 2. | Aprílové žerty jsou populární... | Volkswagen | 0 | |
| 3. | Švédská společnost Pophouse mi... | Kiss | 0 | |
| 4. | Od 1. 4. 2024 se mění podmínky... | A | 0 | |
| 5. | V pondělí odpoledne bylo oznám... | Formule 1 | 0 | |
| 6. | Zobrazený anglický lékař roku... | William Harvey | 1 | |
| 7. | Kterým slovem na M se označuje... | menarche/menarché | 1 | |
| 8. | Vyberte pravdivé tvrzení: | D | 1 | |
| 9. | Hemofilie je geneticky podmíně... | Alexej; chromozom X | 1 | |
| 10. | Uveďte rodové jméno zvířete, p... | makak (makak rhesus) | 1 |